00778nam a2200205 a 450000100100000000500170001000800410002704000250006808200170009310000280011024500520013826000350019030000210022559000250024665000160027191000370028795201140032495201190043899900150055700000431920240528102159.0090721s1981 dr 000 0 spa d aDO-SdBNPbspacBNPHU a320.1bT233t1 aTaveras, Juan M.91274510aTeoría del estado moderno /cJuan M. Taveras. aSanto Domingo :bNivar,c1981. a149 p. ;c22 cm. aInventariado,2018/DG 0aEstado9726 aValidado. Control de calidad MFF 0010718PDaPDbPDcHDd2009-07-21iLF1l0o320.1 T233tp4319-10r2020-06-25w2020-06-25yLFPDZNo se presta 0010718PDaPDbPDcHDd2009-07-21iLF1l0o320.1 T233tp4319-20r2020-06-25te.2w2020-06-25yLFPDZNo se presta c4128d4128